ArtNexus/ (Record no. 3272)

MARC details
000 -LEADER
campo de control de longitud fija 01825nam a22004697a 4500
003 - IDENTIFICADOR DE NÚMERO DE CONTROL
campo de control OSt
005 - FECHA Y HORA DE LA ÚLTIMA TRANSACCIÓN
campo de control 20230322150445.0
008 - DATOS DE LONGITUD FIJA--INFORMACIÓN GENERAL
campo de control de longitud fija 221006b |||||||| |||| 00| 0 eng d
040 ## - FUENTE DE CATALOGACIÓN
Centro/agencia transcriptor Biblioteca Lado V
082 ## - NÚMERO DE LA CLASIFICACIÓN DECIMAL DEWEY
Número de clasificación 701.1
Número de ítem S744a
100 ## - ENTRADA PRINCIPAL--NOMBRE DE PERSONA
9 (RLIN) 795
Nombre de persona Srendni de Birbragher, Celia
Término indicativo de función/relación editora
-- directora
245 ## - MENCIÓN DEL TÍTULO
Título ArtNexus/
260 ## - PUBLICACIÓN, DISTRIBUCIÓN, ETC.
Nombre del editor, distribuidor, etc. Asociación de Revistas Culturales
Fecha de publicación, distribución, etc. 2010
Lugar de publicación, distribución, etc. U.S.A.
-- Colombia
300 ## - DESCRIPCIÓN FÍSICA
Dimensiones 21x28cm
Extensión 160p.
366 ## - INFORMACIÓN SOBRE DISPONIBILIDAD COMERCIAL
Nota eng
490 ## - MENCIÓN DE SERIE
Mención de serie 76
Designación de volumen o secuencia 2010
-- 9
Número Internacional Normalizado para Publicaciones Seriadas 0121 5639
505 ## - NOTA DE CONTENIDO CON FORMATO
Título Fernando Bryce
Nota de contenido con formato El copista intempestivo
505 ## - NOTA DE CONTENIDO CON FORMATO
Título Antonio Dias
Nota de contenido con formato Anywhere is my Land
505 ## - NOTA DE CONTENIDO CON FORMATO
Título Gabriel Orozco en el MoMA
505 ## - NOTA DE CONTENIDO CON FORMATO
Título Grete Stern
Nota de contenido con formato Y la fotografía en Argentina
505 ## - NOTA DE CONTENIDO CON FORMATO
Título Beatriz Gonzalez
Nota de contenido con formato Auras anonimas
505 ## - NOTA DE CONTENIDO CON FORMATO
Título I Trienal de Artes Visuales Chile 2009
Nota de contenido con formato Desde el sur y la alteridad
505 ## - NOTA DE CONTENIDO CON FORMATO
Título CADA
Nota de contenido con formato La creación colectiva de una nueva realidad
505 ## - NOTA DE CONTENIDO CON FORMATO
Título 7a Bienal del Mercosur
Nota de contenido con formato Bajo el liderazgo de los artistas
505 ## - NOTA DE CONTENIDO CON FORMATO
Título Cronicas
505 ## - NOTA DE CONTENIDO CON FORMATO
Título Exposiciones colectivas
505 ## - NOTA DE CONTENIDO CON FORMATO
Título Reseña de libro
505 ## - NOTA DE CONTENIDO CON FORMATO
Título Guía de Galerías y Museos
505 ## - NOTA DE CONTENIDO CON FORMATO
Título Libros y Catalogos
505 ## - NOTA DE CONTENIDO CON FORMATO
Título Libros para la venta
650 ## - PUNTO DE ACCESO ADICIONAL DE MATERIA--TÉRMINO DE MATERIA
Fuente del encabezamiento o término Tesauro de Arte & Arquitectura
Término de materia o nombre geográfico como elemento de entrada ARTE
9 (RLIN) 703
650 ## - PUNTO DE ACCESO ADICIONAL DE MATERIA--TÉRMINO DE MATERIA
Fuente del encabezamiento o término Tesauro de Arte & Arquitectura
Término de materia o nombre geográfico como elemento de entrada EXPOSICIONES
650 ## - PUNTO DE ACCESO ADICIONAL DE MATERIA--TÉRMINO DE MATERIA
Fuente del encabezamiento o término Tesauro de Arte & Arquitectura
Término de materia o nombre geográfico como elemento de entrada ESCULTURA
650 ## - PUNTO DE ACCESO ADICIONAL DE MATERIA--TÉRMINO DE MATERIA
Fuente del encabezamiento o término Tesauro de Arte & Arquitectura
Término de materia o nombre geográfico como elemento de entrada BIENAL
650 ## - PUNTO DE ACCESO ADICIONAL DE MATERIA--TÉRMINO DE MATERIA
Fuente del encabezamiento o término Tesauro de Arte & Arquitectura
Término de materia o nombre geográfico como elemento de entrada APRECIACION
650 ## - PUNTO DE ACCESO ADICIONAL DE MATERIA--TÉRMINO DE MATERIA
Fuente del encabezamiento o término Tesauro de Arte & Arquitectura
Término de materia o nombre geográfico como elemento de entrada TEORIA
650 ## - PUNTO DE ACCESO ADICIONAL DE MATERIA--TÉRMINO DE MATERIA
Fuente del encabezamiento o término Tesauro de Arte & Arquitectura
Término de materia o nombre geográfico como elemento de entrada CRITICA
650 ## - PUNTO DE ACCESO ADICIONAL DE MATERIA--TÉRMINO DE MATERIA
Fuente del encabezamiento o término Tesauro de Arte & Arquitectura
Término de materia o nombre geográfico como elemento de entrada FOTOGRAFIA
9 (RLIN) 702
650 ## - PUNTO DE ACCESO ADICIONAL DE MATERIA--TÉRMINO DE MATERIA
Fuente del encabezamiento o término Tesauro de Arte & Arquitectura
Término de materia o nombre geográfico como elemento de entrada LITERATURA
651 ## - PUNTO DE ACCESO ADICIONAL DE MATERIA--NOMBRE GEOGRÁFICO
Fuente del encabezamiento o término Tesauro de Arte & Arquitectura
Nombre geográfico COLOMBIA
942 ## - ELEMENTOS DE ENTRADA SECUNDARIOS (KOHA)
Fuente del sistema de clasificación o colocación Clasificación Decimal Dewey
Tipo de ítem Koha Libros
Parte de la signatura que corresponde a la clasificación (Parte de la clasificación) 701.1
Parte de la signatura que identifica el ejemplar (Parte del ítem) S744a
Suprimir en OPAC No

No items available.